000 01061nam a22002897a 4500
005 20150730141952.0
010 _aENG-113103
020 _a9789380574042
_c1295.00
035 _aEN-96635
037 _bDBAD/PUB
082 _a331.2095
245 _aGlobalization, flexibilization and working condition in Asia and the Pacific /
_cedited by Sangheon Lee [and] Francois Eyraud
260 _aNew Delhi
_bBookwell
_c2010
270 _a3/79, Nirankari Colony,
_bNew Delhi
_e110009
300 _axxx,452p. :
_c24cm(Hb)
_bill.
490 _aChandos Asian studies series: contemporary issues and trends
500 _aIncludes bibliographical references and index
650 _aLabor market
_zAsia.
650 _aForeign trade and employment
_z Asia.
650 _a Labor market
_zPacific Area.
650 _a Foreign trade and employment
_zPacific Area.
650 _a Globalization
_z Asia.
650 _a Globalization
_zPacific Area.
700 _a Lee, Sang-Heon.
700 _aEyraud, Francois
942 _2ddc
_cEN
_mGLO
_h331.2095
999 _c93691
_d93691